000 02748cas a2200625 a 4500
001 data
005 20260322212107.0
008 data
010 _a 74617524
_zsn 88017005
019 _a1157576135
_a1157576135
022 _a0115-8805
023 0 _a0115-8805
029 1 _aAU@
_b000005939917
029 1 _aNLGGC
_b045158797
029 1 _aNZ1
_b3798010
035 _a(OCoLC)1776180
040 _aDLC
_beng
_cMUL
_dOCLCQ
_dOCL
_dHUL
_dCLU
_dNST
_dHVL
_dDLC
_dSYS
_dOCLCQ
_dDLC
_dNYDWH
_dOCLCQ
_dOCLCF
_dOCLCO
_dOCLCQ
_dNLVRD
_dOCLCL
_dOCLCQ
042 _apcc
050 0 0 _aKZ21
_b.P48
245 0 4 _aThe Philippine yearbook of international law.
260 _aManila :
_bPhilippine Society of International Law,
_c©1969-
300 _avolumes ;
_c26 cm
310 _aAnnual
336 _atext
_btxt
_2rdacontent
337 _aunmediated
_bn
_2rdamedia
338 _avolume
_bnc
_2rdacarrier
362 0 _aVol. 1 (1966-1968)-
550 _aVolumes for 1966/1968-1974 published by the Philippine Society of International Law; 1975- published jointly by the Philippine Society of International Law and the U.P. Law Center; <1982-> published jointly by the Philippine Society of International Law and the Legal Resources Center, U.P. Law Complex.
588 _aLatest issue consulted: Vol. 14 (1988).
650 0 _aInternational law
_vPeriodicals.
650 7 _aInternational law.
_2fast
_0(OCoLC)fst00976984
650 7 _aPublic international law.
_2pplt
650 7 _aLAW.
_2unbist
650 7 _aPHILIPPINES.
_2unbist
650 7 _aINTERNATIONAL LAW.
_2unbist
655 7 _aPeriodicals.
_2fast
_0(OCoLC)fst01411641
710 2 _aPhilippine Society of International Law.
_1https://id.oclc.org/worldcat/entity/E39QH7JmpkBgWd48vqVJrTjGB6
710 2 _aUniversity of the Philippines.
_bLaw Center.
710 2 _aUniversity of the Philippines.
_bLegal Resources Center.
776 0 8 _iOnline version:
_tPhilippine yearbook of international law
_w(OCoLC)646836196
780 0 0 _tPhilippine international law journal
_w(OCoLC)1762234
_w(OCoLC)1762234
906 _a7
_bcbc
_cserials
_du
_encip
_f19
_gn-oclcserc
925 0 _aacquire
_b1 shelf copy
_xLL policy default
955 _dsg08 2003-05-28
_esg12 2003-05-30 to LL CSO
590 _aSERBIB/SERLOC merged record
590 _aBeing reclassed from JX18.P45
890 _aPhilippine yearbook of international law. (Philippine Society of International Law) Manila.
_isv86-27485
991 _bc-LL
_hJX18
_i.P45
_wSERIALS
992 _bB/L
_wSERLOC
999 _c1581
_d1581